| 000 | 01218nam a2200337 c 4500 | ||
|---|---|---|---|
| 003 | BLK | ||
| 005 | 20180422110614.0 | ||
| 008 | 180409b bul|||||r ||||||| ||bul|| | ||
| 010 | _aKNG00124932000 | ||
| 020 |
_a978-954-491-616-9 _bиздат.: Жанет 45 |
||
| 040 | _aBLK | ||
| 041 |
_aBUL _cBUL |
||
| 072 | 7 |
_2bullib _aН83 _xЧужда художествена литература Н |
|
| 080 |
_aИндийска литература на английски език _b821.111(540) _x-31 _z821.111(540)-31 |
||
| 100 | 1 |
_aДасгупта, Рана _eпърви автор _958804 |
|
| 700 | 1 |
_aЛикова, Алена _eпрев. от англ. _9364070 |
|
| 139 |
_aДасгупта, Рана _bД 24 |
||
| 245 | 1 | 0 |
_aСоло _bРоман _cРана Дасгупта; прев. от англ. Алена Ликова. |
| 257 | _aGBR | ||
| 260 |
_аПловдив _bЖанет 45 _c2010 |
||
| 300 |
_a416 с. _c20 см |
||
| 380 | _aX | ||
| 490 | 1 |
_aПоредица Отвъд _v10 |
|
| 500 | _aОриг. загл. Solo / Rana Dasgupta. | ||
| 659 | _aН | ||
| 852 | _aЦб 252497 | ||
| 856 | 4 |
_qpdf _u |
|
| 856 | 4 |
_qpdf _u |
|
| 942 |
_cKNG _n0 |
||
| 944 |
_aCR _c17.08.2011 _kВаля_Йорданова |
||
| 944 |
_aED _c17.08.2011 _k |
||
| 999 |
_c119317 _d119317 |
||